Nombra la capital más cercana a un punto aleatorio - Estadísticas

Estadísticas generales
  • Esta prueba ha sido intentada 13 veces
  • La puntuación promedio es 5 de 12
Estadísticas de respuestas
Imagen Respuesta % Correcto
Asmara
70%
Belmopan
60%
Dili
60%
Port Vila
60%
Roseau
50%
Tokio
50%
Argel
30%
Estocolmo
30%
Chisinau
20%
Moroni
20%
Nom Pen
20%
Teheran
20%
No se encontraron pruebas coincidentes
Distribución de puntuación
Porcentaje de gente con cada puntuación
Porcentaje por número respondido
Historial de tus puntuaciones
No has intentado esta prueba.